Lettres sur le Congo : (Record no. 196898)
[ view plain ]
| 000 -LEADER | |
|---|---|
| fixed length control field | 00806cam0a220021700 4500 |
| 001 - CONTROL NUMBER | |
| control field | qcf00188473 |
| 005 - DATE AND TIME OF LATEST TRANSACTION | |
| control field | 20190830121131.0 |
| 008 - FIXED-LENGTH DATA ELEMENTS--GENERAL INFORMATION | |
| fixed length control field | 750611s1889 fr a 000 0 fre u |
| 010 ## - LIBRARY OF CONGRESS CONTROL NUMBER | |
| LC control number | 05024011 |
| 035 ## - SYSTEM CONTROL NUMBER | |
| System control number | (Sirsi) r29180 |
| 035 ## - SYSTEM CONTROL NUMBER | |
| System control number | (QCAT)lss00861612 |
| 035 ## - SYSTEM CONTROL NUMBER | |
| System control number | (UPRA)qcf00188473 |
| 040 ## - CATALOGING SOURCE | |
| Modifying agency | UPRA |
| 050 0# - LIBRARY OF CONGRESS CALL NUMBER | |
| Classification number | DT639 |
| Item number | .D9X 1889 |
| 100 1# - MAIN ENTRY--PERSONAL NAME | |
| Personal name | Dupont, Edouard Francois, 1841-1911. |
| Dates associated with a name | Dupont, Edouard Francois, 1841-1911. |
| Linkage | A93506.1 |
| 245 10 - TITLE STATEMENT | |
| Title | Lettres sur le Congo : |
| Remainder of title | Recit d'un voyage scientifique entre l'embouchure du fleuve et le confluent du Kassai / |
| Statement of responsibility, etc. | par Edouard Dupont. |
| 260 ## - PUBLICATION, DISTRIBUTION, ETC. | |
| Place of publication, distribution, etc. | Paris : |
| Name of publisher, distributor, etc. | C. Reinwald, |
| Date of publication, distribution, etc. | 1889. |
| 651 #0 - SUBJECT ADDED ENTRY--GEOGRAPHIC NAME | |
| Geographic name | Zaire -- Description and travel. |
| General subdivision | Zaire -- Description and travel. |
| Linkage | S3301.1 |
| 949 ## - LOCAL PROCESSING INFORMATION (OCLC) | |
| a | DT639 |
| w | lcc |
| i | -31858 |
| m | MAIN |
| t | BOOK |
| l | ON-SHELF |
No items available.